[Event "Mecklenburg VP LL2 Ost 2223"]
[Site "Mecklenburg VP"]
[Date "2022.11.27"]
[Round "3.5"]
[White "Breitenfeldt, Ulrich"]
[Black "Rehbein, Hans Juergen"]
[Result "0-1"]
[WhiteElo "1716"]
[BlackElo "1820"]
[PlyCount "188"]
[EventDate "2022.10.23"]
[EventType "team-tourn"]
[EventRounds "9"]
[EventCountry "GER"]
[SourceTitle "EXT 2024"]
[Source "ChessBase"]
[SourceDate "2023.10.10"]
[SourceVersion "1"]
[SourceVersionDate "2023.10.10"]
[SourceQuality "1"]
[WhiteTeam "Binz Therme Ruegen"]
[BlackTeam "Neubrandenburg II"]
[WhiteTeamCountry "GER"]
[BlackTeamCountry "GER"]

1. Nf3 g6 2. e4 Bg7 3. d4 d6 4. Nc3 Nc6 5. Be3 a6 6. Be2 Nf6 7. h3 0-0 8. 0-0 b5 9. a3 Bd7 10. Nh2 Qc8 11. d5 Na7 12. Bd4 c5 13. Bxf6 Bxf6 14. Rb1 b4 15. axb4 cxb4 16. Na2 a5 17. Bg4 Bxg4 18. Nxg4 Qc4 19. Nxf6+ exf6 20. Nc1 Qxe4 21. Re1 Qc4 22. b3 Qc7 23. Qd3 Qc5 24. Re4 Rfe8 25. Ne2 Nb5 26. Rc4 Qa7 27. Rc1 Qe7 28. Nd4 Nxd4 29. Rxd4 Qe2 30. Qxe2 Rxe2 31. c3 Rb2 32. cxb4 Rxb3 33. bxa5 Rxa5 34. Rd2 Rbb5 35. Rcd1 f5 36. Kh2 Kg7 37. Kg3 Kf6 38. f3 g5 39. Kf2 Ra3 40. Rc1 Raa5 41. Rcd1 Rc5 42. Kg3 Rc4 43. Rb1 Rcc5 44. Rbd1 Ke7 45. Re1+ Kd7 46. Red1 Ra4 47. Rb1 Kc7 48. Re1 Kd7 49. Rb1 Rac4 50. Rb7+ Rc7 51. Rb8 Rc8 52. Rb7+ R4c7 53. Rb4 Ke7 54. Rb6 Rd8 55. Rd4 Kf6 56. Rd3 Ke5 57. Rb2 h5 58. Re2+ Kf6 59. Rd4 Rdd7 60. Red2 Rc3 61. Kf2 Rdc7 62. Rb4 Rc2 63. Rb2 Rxd2+ 64. Rxd2 Rc5 65. h4 gxh4 66. f4 Rc4 67. Kf3 Rc3+ 68. Kf2 h3 69. gxh3 Rxh3 70. Kg2 Rc3 71. Kf2 h4 72. Kg1 Rc4 73. Rf2 Rd4 74. Kh2 Rxd5 75. Kh3 Rd1 76. Kxh4 Rg1 77. Kh3 Rg4 78. Rd2 Ke6 79. Rd4 d5 80. Kh2 Kd6 81. Ra4 Kc5 82. Ra7 Rxf4 83. Rxf7 Kd4 84. Kg3 Ke3 85. Re7+ Re4 86. Ra7 Rg4+ 87. Kh3 d4 88. Ra5 Rf4 89. Kg2 d3 90. Re5+ Kd4 91. Ra5 d2 92. Ra8 Ke3 93. Re8+ Re4 94. Rd8 Ke2 0-1

[Event "Mecklenburg VP Landesliga Ost 1920"]
[Site "Mecklenburg VP"]
[Date "2019.11.24"]
[Round "3.2"]
[White "Rehbein, Hans Juergen"]
[Black "Wiese, Frank"]
[Result "0-1"]
[WhiteElo "1820"]
[BlackElo "1965"]
[PlyCount "96"]
[EventDate "2019.09.29"]
[EventType "team-tourn"]
[EventRounds "9"]
[EventCountry "GER"]
[SourceTitle "EXT 2023"]
[Source "ChessBase"]
[SourceDate "2022.10.05"]
[SourceVersion "1"]
[SourceVersionDate "2022.10.05"]
[SourceQuality "1"]
[WhiteTeam "Neubrandenburg SG Eintracht II"]
[BlackTeam "Saal Waterkant"]
[WhiteTeamCountry "GER"]
[BlackTeamCountry "GER"]

1. b3 d5 2. Bb2 c5 3. e3 Nc6 4. Nf3 Bg4 5. Bb5 a6 6. Be2 e6 7. 0-0 Nf6 8. d3 Be7 9. Nbd2 0-0 10. Ne5 Bxe2 11. Qxe2 Nxe5 12. Bxe5 Nd7 13. Bb2 Bf6 14. Bxf6 Qxf6 15. f4 Qc3 16. Nf3 b5 17. a4 Rfc8 18. Qd2 Qf6 19. c4 bxa4 20. Rxa4 Rcb8 21. Rb1 Rb6 22. Qc2 Rab8 23. Nd2 g6 24. Rba1 Ra8 25. R1a2 Ra7 26. Qb2 Kg7 27. Qxf6+ Kxf6 28. Ra5 Ke7 29. R2a3 Kd6 30. Nb1 Nb8 31. Nc3 Rab7 32. Na4 Rxb3 33. Nxc5 Rb1+ 34. Kf2 R7b2+ 35. Kg3 Nc6 36. Na4 Rd2 37. Rxa6 Rg1 38. c5+ Kc7 39. Nc3 Rgxg2+ 40. Kh3 Rxh2+ 41. Kg3 Rdg2+ 42. Kf3 Rb2 43. Ra2 Rxa2 44. Rxa2 Rxa2 45. Nxa2 d4 46. e4 e5 47. f5 f6 48. fxg6 hxg6 0-1

[Event "Mecklenburg VP LL2 Ost 1819"]
[Site "Mecklenburg VP"]
[Date "2019.03.24"]
[Round "8.5"]
[White "Rosin, Ralf"]
[Black "Rehbein, Hans Juergen"]
[Result "1/2-1/2"]
[WhiteElo "1757"]
[BlackElo "1713"]
[PlyCount "66"]
[EventDate "2018.10.21"]
[EventType "team-tourn"]
[EventRounds "9"]
[EventCountry "GER"]
[SourceTitle "EXT 2022"]
[Source "ChessBase"]
[SourceDate "2021.10.06"]
[SourceVersion "1"]
[SourceVersionDate "2021.10.06"]
[SourceQuality "1"]
[WhiteTeam "Wolgast Motor"]
[BlackTeam "Neubrandenburg SG Eintracht II"]
[WhiteTeamCountry "GER"]
[BlackTeamCountry "GER"]

1. d4 Nf6 2. Nf3 g6 3. c4 Bg7 4. Nc3 d6 5. e4 Nbd7 6. Be2 0-0 7. 0-0 c5 8. d5 a6 9. Qc2 Ne8 10. Re1 Ne5 11. Nxe5 Bxe5 12. Bh6 Bg7 13. Bxg7 Nxg7 14. Bf3 f6 15. a3 Bd7 16. a4 a5 17. Nb5 Bxb5 18. cxb5 b6 19. Qc4 Kh8 20. Ra3 Ra7 21. Bd1 Qd7 22. Rh3 e5 23. dxe6 Qxe6 24. Bb3 Re7 25. Qc1 Qc8 26. Rd3 Qc7 27. Bd5 Ne6 28. Qh6 Qd8 29. Red1 Nd4 30. Rh3 Rg7 31. Qd2 Qe7 32. Re3 Qe5 33. Rh3 Qe7 1/2-1/2

[Event "Mecklenburg VP LL2 Ost 1819"]
[Site "Mecklenburg VP"]
[Date "2019.02.24"]
[Round "6.4"]
[White "Rehbein, Hans Juergen"]
[Black "Schmidt, Paul1111"]
[Result "1-0"]
[WhiteElo "1713"]
[BlackElo "1704"]
[PlyCount "83"]
[EventDate "2018.10.21"]
[EventType "team-tourn"]
[EventRounds "9"]
[EventCountry "GER"]
[SourceTitle "EXT 2022"]
[Source "ChessBase"]
[SourceDate "2021.10.06"]
[SourceVersion "1"]
[SourceVersionDate "2021.10.06"]
[SourceQuality "1"]
[WhiteTeam "Neubrandenburg SG Eintracht II"]
[BlackTeam "Torgelow Droegeheide II"]
[WhiteTeamCountry "GER"]
[BlackTeamCountry "GER"]

1. b3 Nf6 2. Bb2 g6 3. Nf3 Bg7 4. g3 d6 5. Bg2 0-0 6. 0-0 e5 7. d3 Nc6 8. Nbd2 Bd7 9. c4 Qc8 10. a3 Bh3 11. Qc2 Bxg2 12. Kxg2 a5 13. d4 exd4 14. Nxd4 Ne5 15. N4f3 Re8 16. Nxe5 dxe5 17. e4 Qg4 18. f3 Qe6 19. Rad1 Rad8 20. Nb1 Nd7 21. Nc3 c6 22. Ne2 b5 23. c5 b4 24. Rd6 Qe7 25. axb4 axb4 26. Rxc6 Bf8 27. Rc7 Rc8 28. Rxc8 Rxc8 29. c6 Nc5 30. Qc4 Rxc6 31. Rd1 Qc7 32. Qd5 Rd6 33. Qxe5 f6 34. Qf4 g5 35. Qc1 Ra6 36. Qc4+ Kg7 37. Nd4 Ra2 38. Rd2 Kg6 39. Qg8+ Bg7 40. Nf5 g4 41. Qe8+ Qf7 42. Ne7+ 1-0

[Event "GER-ch Seniors 65"]
[Site "Hamburg"]
[Date "2018.07.27"]
[Round "7"]
[White "Zschunke, Werner"]
[Black "Rehbein, Hans Juergen"]
[Result "1-0"]
[WhiteElo "2009"]
[BlackElo "1793"]
[PlyCount "69"]
[EventDate "2018.07.21"]
[EventType "swiss"]
[EventRounds "9"]
[EventCountry "GER"]
[SourceTitle "CBM 186 Extra"]
[Source "ChessBase"]
[SourceDate "2018.08.24"]
[SourceVersion "1"]
[SourceVersionDate "2018.08.24"]
[SourceQuality "1"]

1. c4 g6 2. Nc3 Bg7 3. Nf3 Nc6 4. d4 d6 5. e4 Bg4 6. Be3 Nf6 7. Be2 0-0 8. 0-0 Re8 9. d5 Ne5 10. Rc1 Nxf3+ 11. Bxf3 Bd7 12. Be2 c5 13. Qd2 Kh8 14. h3 Qc8 15. f4 Ng8 16. g4 f6 17. Bf3 h6 18. f5 Kh7 19. h4 Rf8 20. Rf2 Be8 21. Ne2 Bf7 22. Rh2 h5 23. gxh5 gxh5 24. Nf4 Qe8 25. Rg2 Bh6 26. Ng6 Bxe3+ 27. Qxe3 Nh6 28. Nxf8+ Qxf8 29. Kh1 Qh8 30. Rcg1 Rg8 31. Rxg8 Nxg8 32. Qe2 Kh6 33. Rg3 Qh7 34. Qg2 Qh8 35. Rg6+ 1-0

[Event "GER-ch Seniors 65"]
[Site "Hamburg"]
[Date "2018.07.21"]
[Round "1"]
[White "Tchetchelnitski, Boris"]
[Black "Rehbein, Hans Juergen"]
[Result "1-0"]
[WhiteElo "2155"]
[BlackElo "1793"]
[PlyCount "107"]
[EventDate "2018.07.21"]
[EventType "swiss"]
[EventRounds "9"]
[EventCountry "GER"]
[SourceTitle "CBM 186 Extra"]
[Source "ChessBase"]
[SourceDate "2018.08.24"]
[SourceVersion "1"]
[SourceVersionDate "2018.08.24"]
[SourceQuality "1"]

1. Nf3 g6 2. g3 Bg7 3. Bg2 Nf6 4. 0-0 0-0 5. d4 d5 6. c4 dxc4 7. Na3 c6 8. Nxc4 Bg4 9. h3 Be6 10. Qc2 Qc8 11. Kh2 Bf5 12. Qd1 Be4 13. Ncd2 Bd5 14. Qc2 Qf5 15. Qc3 Ne4 16. Nxe4 Qxe4 17. Be3 Nd7 18. Rg1 Nb6 19. a4 Nc4 20. Ne5 Qf5 21. Nxc4 Bxg2 22. Rxg2 c5 23. Qd3 Qxd3 24. exd3 cxd4 25. Bd2 Rfd8 26. f4 Rd5 27. Re2 e6 28. Kg2 Re8 29. Rae1 Re7 30. b4 b5 31. axb5 Rxb5 32. Ra1 Rc7 33. Ra5 Rb8 34. Be1 Bf8 35. Rea2 Bxb4 36. Bxb4 Rxb4 37. Rxa7 Rcb7 38. Rxb7 Rxb7 39. Ra8+ Kg7 40. Rd8 f6 41. Rxd4 Re7 42. Kf3 f5 43. Ne5 Kf6 44. Rd7 Rxd7 45. Nxd7+ Ke7 46. Ne5 Kd6 47. d4 Ke7 48. g4 Kf6 49. g5+ Ke7 50. h4 Kf8 51. h5 gxh5 52. Kg3 Kg7 53. Kh4 h6 54. g6 1-0

[Event "Mecklenburg VP LL 1617"]
[Site "Mecklenburg VP"]
[Date "2017.04.02"]
[Round "8.8"]
[White "Emmrich, Olaf"]
[Black "Rehbein, Hans Juergen"]
[Result "1/2-1/2"]
[WhiteElo "1767"]
[BlackElo "1730"]
[PlyCount "44"]
[EventDate "2016.10.16"]
[EventType "team-tourn"]
[EventRounds "9"]
[EventCountry "GER"]
[SourceTitle "EXT 2022"]
[Source "ChessBase"]
[SourceDate "2021.10.06"]
[SourceVersion "1"]
[SourceVersionDate "2021.10.06"]
[SourceQuality "1"]
[WhiteTeam "Ludwigslust VT 2000"]
[BlackTeam "Neubrandenburg SG Eintracht"]
[WhiteTeamCountry "GER"]
[BlackTeamCountry "GER"]

1. e4 c5 2. Nf3 Nc6 3. Bc4 e6 4. 0-0 g6 5. c3 Bg7 6. d4 cxd4 7. cxd4 Qb6 8. e5 Nge7 9. Re1 Na5 10. Bf1 d5 11. exd6 Qxd6 12. Bd2 Nac6 13. Bc3 0-0 14. Na3 Nd5 15. Nc4 Qe7 16. Nce5 Nxe5 17. Nxe5 Bxe5 18. dxe5 b6 19. Rc1 Bb7 20. Qg4 Rfc8 21. Bd2 Rxc1 22. Rxc1 Rc8 1/2-1/2

[Event "Mecklenburg VP LL2 Ost 1617"]
[Site "Mecklenburg VP"]
[Date "2017.01.15"]
[Round "5.2"]
[White "Rehbein, Hans Juergen"]
[Black "Wurst, Maximilian"]
[Result "1/2-1/2"]
[WhiteElo "1730"]
[BlackElo "1659"]
[PlyCount "41"]
[EventDate "2016.10.16"]
[EventType "team-tourn"]
[EventRounds "9"]
[EventCountry "GER"]
[SourceTitle "EXT 2022"]
[Source "ChessBase"]
[SourceDate "2021.10.06"]
[SourceVersion "1"]
[SourceVersionDate "2021.10.06"]
[SourceQuality "1"]
[WhiteTeam "Neubrandenburg SG Eintracht II"]
[BlackTeam "Rostock SSC 07 III"]
[WhiteTeamCountry "GER"]
[BlackTeamCountry "GER"]

1. Nf3 Nc6 2. b3 d6 3. Bb2 e5 4. d3 Nf6 5. Nbd2 Be7 6. g3 Bf5 7. e4 Bg4 8. c3 d5 9. Be2 dxe4 10. Nxe4 Nxe4 11. dxe4 Qxd1+ 12. Rxd1 0-0 13. 0-0 Rfd8 14. Kg2 a6 15. h3 Bxf3+ 16. Bxf3 Rd6 17. Rxd6 Bxd6 18. Rd1 Rd8 19. Be2 Bc5 20. Rxd8+ Nxd8 21. Bg4 1/2-1/2

[Event "Mecklenburg VP LL2 Ost 1516"]
[Site "Mecklenburg VP"]
[Date "2015.12.13"]
[Round "4.4"]
[White "Rehbein, Hans Juergen"]
[Black "Vlach, Michael"]
[Result "1/2-1/2"]
[WhiteElo "1688"]
[BlackElo "1613"]
[PlyCount "25"]
[EventDate "2015.09.20"]
[EventType "team-tourn"]
[EventRounds "9"]
[EventCountry "GER"]
[SourceTitle "EXT 2022"]
[Source "ChessBase"]
[SourceDate "2021.10.06"]
[SourceVersion "1"]
[SourceVersionDate "2021.10.06"]
[SourceQuality "1"]
[WhiteTeam "Neubrandenburg SG Eintracht II"]
[BlackTeam "Stralsund FHSG II"]
[WhiteTeamCountry "GER"]
[BlackTeamCountry "GER"]

1. Nf3 Nf6 2. g3 d5 3. b3 g6 4. Bb2 Bg7 5. Bg2 0-0 6. d3 Bg4 7. Nbd2 Nbd7 8. 0-0 Bxf3 9. Nxf3 c5 10. Re1 Rc8 11. c4 d4 12. Qc2 Bh6 13. Bc1 1/2-1/2

[Event "Mecklenburg VP LL2 Ost 1516"]
[Site "Mecklenburg VP"]
[Date "2015.10.11"]
[Round "2.4"]
[White "Rehbein, Hans Juergen"]
[Black "Tabbert, Dirk"]
[Result "1-0"]
[WhiteElo "1688"]
[BlackElo "1602"]
[PlyCount "119"]
[EventDate "2015.09.20"]
[EventType "team-tourn"]
[EventRounds "9"]
[EventCountry "GER"]
[SourceTitle "EXT 2022"]
[Source "ChessBase"]
[SourceDate "2021.10.06"]
[SourceVersion "1"]
[SourceVersionDate "2021.10.06"]
[SourceQuality "1"]
[WhiteTeam "Neubrandenburg SG Eintracht II"]
[BlackTeam "Bergen Rugia"]
[WhiteTeamCountry "GER"]
[BlackTeamCountry "GER"]

1. Nf3 f5 2. b3 Nf6 3. Bb2 e6 4. g3 Be7 5. Bg2 0-0 6. d3 Nc6 7. Nbd2 d6 8. 0-0 Bd7 9. Re1 e5 10. e4 fxe4 11. dxe4 Bg4 12. h3 Bh5 13. Qc1 Qd7 14. Nh2 Rae8 15. c3 h6 16. b4 Nh7 17. Qc2 Ng5 18. g4 Bf7 19. Qa4 Be6 20. b5 Nb8 21. Qxa7 Qxb5 22. Bc1 Qa6 23. Qxa6 Nxa6 24. Nb3 b6 25. Be3 Bc4 26. Bxg5 Bxg5 27. Nf3 Bf4 28. Bf1 Bxf1 29. Rxf1 Ra8 30. Nh4 Kh7 31. Nf5 g6 32. Ne7 Bg5 33. Nd5 Rf3 34. Kg2 Raf8 35. Ne3 Bxe3 36. fxe3 Rxf1 37. Rxf1 Rxf1 38. Kxf1 Nc5 39. Nd2 Kg7 40. Ke2 Kf6 41. Kf3 Nd3 42. a3 Ne1+ 43. Kf2 Nc2 44. a4 Kg5 45. Nf3+ Kf6 46. Nd2 Na3 47. h4 Ke6 48. c4 Kd7 49. Ke2 Kc6 50. Kd3 Kc5 51. Kc3 b5 52. axb5 Nxb5+ 53. cxb5 Kxb5 54. Nf1 c6 55. Ng3 Kc5 56. h5 gxh5 57. gxh5 d5 58. Nf5 dxe4 59. Nxh6 Kd6 60. Ng4 1-0

[Event "Mecklenburg VP LL2 Ost 1516"]
[Site "Mecklenburg VP"]
[Date "2015.09.20"]
[Round "1.3"]
[White "Rehbein, Hans Juergen"]
[Black "Peters, Hans Joachim"]
[Result "1/2-1/2"]
[WhiteElo "1688"]
[BlackElo "1748"]
[PlyCount "48"]
[EventDate "2015.09.20"]
[EventType "team-tourn"]
[EventRounds "9"]
[EventCountry "GER"]
[SourceTitle "EXT 2022"]
[Source "ChessBase"]
[SourceDate "2021.10.06"]
[SourceVersion "1"]
[SourceVersionDate "2021.10.06"]
[SourceQuality "1"]
[WhiteTeam "Neubrandenburg SG Eintracht II"]
[BlackTeam "Neubrandenburg SG Eintracht III"]
[WhiteTeamCountry "GER"]
[BlackTeamCountry "GER"]

1. Nf3 d5 2. b3 Bg4 3. Bb2 Nd7 4. g3 Ngf6 5. Bg2 g6 6. d3 Bg7 7. Nbd2 0-0 8. 0-0 Re8 9. Ne5 Nxe5 10. Bxe5 c6 11. Nf3 Qd7 12. Rb1 Qf5 13. Bb2 e5 14. Nh4 Qe6 15. Qd2 Bh3 16. Nf3 Bxg2 17. Kxg2 Nd7 18. Qb4 b6 19. Qh4 h6 20. e4 d4 21. Qh3 Qxh3+ 22. Kxh3 Rac8 23. Nd2 f6 24. f4 g5 1/2-1/2

[Event "Mecklenburg VP LL2 West 1415"]
[Site "Mecklenburg VP"]
[Date "2015.04.12"]
[Round "8.7"]
[White "Reeps, Rickert"]
[Black "Rehbein, Hans Juergen"]
[Result "1/2-1/2"]
[WhiteElo "1682"]
[BlackElo "1622"]
[PlyCount "28"]
[EventDate "2014.09.21"]
[EventType "team-tourn"]
[EventRounds "9"]
[EventCountry "GER"]
[SourceTitle "EXT 2022"]
[Source "ChessBase"]
[SourceDate "2021.10.06"]
[SourceVersion "1"]
[SourceVersionDate "2021.10.06"]
[SourceQuality "1"]
[WhiteTeam "Malchow Schachinsel"]
[BlackTeam "Neubrandenburg SG Eintracht II"]
[WhiteTeamCountry "GER"]
[BlackTeamCountry "GER"]

1. d4 Nf6 2. Nf3 g6 3. b3 Bg7 4. Bb2 0-0 5. e3 d6 6. Nbd2 Nbd7 7. Be2 c5 8. c3 a6 9. a4 b6 10. 0-0 Bb7 11. b4 cxb4 12. cxb4 Rc8 13. Rc1 Rxc1 14. Qxc1 Qc8 1/2-1/2

[Event "Mecklenburg VP LL2 West 1415"]
[Site "Mecklenburg VP"]
[Date "2015.03.15"]
[Round "7.7"]
[White "Rehbein, Hans Juergen"]
[Black "Kumbernuss, Torsten"]
[Result "1-0"]
[WhiteElo "1622"]
[BlackElo "1575"]
[PlyCount "75"]
[EventDate "2014.09.21"]
[EventType "team-tourn"]
[EventRounds "9"]
[EventCountry "GER"]
[SourceTitle "EXT 2022"]
[Source "ChessBase"]
[SourceDate "2021.10.06"]
[SourceVersion "1"]
[SourceVersionDate "2021.10.06"]
[SourceQuality "1"]
[WhiteTeam "Neubrandenburg SG Eintracht II"]
[BlackTeam "Mecklenburger Springer SC"]
[WhiteTeamCountry "GER"]
[BlackTeamCountry "GER"]

1. Nf3 Nf6 2. b3 Nc6 3. Bb2 e6 4. g3 d5 5. e3 g6 6. Bg2 Bg7 7. d3 0-0 8. Nbd2 Nd7 9. Bxg7 Kxg7 10. 0-0 Nce5 11. d4 Nxf3+ 12. Nxf3 c6 13. c4 b6 14. cxd5 cxd5 15. Qd3 a5 16. Rfc1 Ba6 17. Qd2 Rc8 18. Bf1 Rxc1 19. Rxc1 Bxf1 20. Kxf1 Qa8 21. Rc7 Nf6 22. Qc2 Ne4 23. Ne5 b5 24. Re7 Qa6 25. Qc7 b4+ 26. Kg2 Qd6 27. Qa7 Nc3 28. Nxf7 Qxe7 29. Qxe7 Rxf7 30. Qxe6 Nxa2 31. Qxd5 Nc1 32. Qxa5 Nd3 33. f4 Re7 34. Kf3 Ne1+ 35. Ke2 Nc2 36. Kd2 Nxe3 37. Qxb4 Nd5 38. Qd6 1-0

[Event "Mecklenburg VP LL2 West 1415"]
[Site "Mecklenburg VP"]
[Date "2015.01.18"]
[Round "5.7"]
[White "Rehbein, Hans Juergen"]
[Black "Soltmann, Jan"]
[Result "1/2-1/2"]
[WhiteElo "1622"]
[BlackElo "1497"]
[PlyCount "30"]
[EventDate "2014.09.21"]
[EventType "team-tourn"]
[EventRounds "9"]
[EventCountry "GER"]
[SourceTitle "EXT 2022"]
[Source "ChessBase"]
[SourceDate "2021.10.06"]
[SourceVersion "1"]
[SourceVersionDate "2021.10.06"]
[SourceQuality "1"]
[WhiteTeam "Neubrandenburg SG Eintracht II"]
[BlackTeam "Wismar ASV Gruen-Weiss II"]
[WhiteTeamCountry "GER"]
[BlackTeamCountry "GER"]

1. Nf3 g6 2. g3 Bg7 3. Bg2 Nf6 4. d3 0-0 5. Nbd2 d5 6. b3 c6 7. Bb2 Bg4 8. 0-0 Bxf3 9. Nxf3 Nbd7 10. Re1 Re8 11. c4 dxc4 12. dxc4 Qc7 13. Qc2 Rad8 14. Rad1 Qb6 15. Bh3 Nf8 1/2-1/2

[Event "Mecklenburg VP LL2 Ost 1314"]
[Site "Mecklenburg VP"]
[Date "2013.11.24"]
[Round "3.2"]
[White "Windjaeger, Gerd"]
[Black "Rehbein, Hans Juergen"]
[Result "1-0"]
[WhiteElo "1893"]
[BlackElo "1652"]
[PlyCount "101"]
[EventDate "2013.10.27"]
[EventType "team-tourn"]
[EventRounds "9"]
[EventCountry "GER"]
[SourceTitle "EXT 2022"]
[Source "ChessBase"]
[SourceDate "2021.10.06"]
[SourceVersion "1"]
[SourceVersionDate "2021.10.06"]
[SourceQuality "1"]
[WhiteTeam "Gryps SV"]
[BlackTeam "Neubrandenburg SG Eintracht II"]
[WhiteTeamCountry "GER"]
[BlackTeamCountry "GER"]

1. d4 d5 2. Nf3 Nf6 3. e3 g6 4. c4 e6 5. b3 Bb4+ 6. Nbd2 Nbd7 7. Bb2 b6 8. Be2 Bb7 9. 0-0 0-0 10. a3 Be7 11. b4 c5 12. cxd5 Bxd5 13. dxc5 bxc5 14. b5 Qa5 15. Qc2 Rac8 16. Nc4 Bxc4 17. Bxc4 Nb6 18. Ne5 Nxc4 19. Qxc4 Qd2 20. Rab1 Qd5 21. Qh4 Qe4 22. Qh6 Rfd8 23. f3 Qa4 24. Ng4 Ne8 25. Qh3 h5 26. Ne5 Qh4 27. Qxh4 Bxh4 28. Rfd1 Nc7 29. a4 Nd5 30. Nc6 Re8 31. e4 Nb6 32. a5 Nc4 33. Bc3 Na3 34. Rb3 Nxb5 35. Rxb5 Rxc6 36. Rd7 e5 37. Rbb7 Rf6 38. Rxa7 Ree6 39. Ra8+ Kh7 40. Rdd8 Kh6 41. Bd2+ Rf4 42. g3 Bxd8 43. Rxd8 g5 44. gxf4 gxf4 45. Rd5 f6 46. Rxc5 Rd6 47. Be1 Kg5 48. h4+ Kg6 49. Rb5 Rd3 50. a6 Ra3 51. Ra5 1-0

[Event "Mecklenburg VP LL2 Ost 1213"]
[Site "Mecklenburg VP"]
[Date "2013.03.17"]
[Round "7.7"]
[White "Rehbein, Hans Juergen"]
[Black "Reimer, Karl"]
[Result "1/2-1/2"]
[WhiteElo "1598"]
[BlackElo "1621"]
[PlyCount "34"]
[EventDate "2012.10.14"]
[EventType "team-tourn"]
[EventRounds "9"]
[EventCountry "GER"]
[SourceTitle "EXT 2022"]
[Source "ChessBase"]
[SourceDate "2021.10.06"]
[SourceVersion "1"]
[SourceVersionDate "2021.10.06"]
[SourceQuality "1"]
[WhiteTeam "Neubrandenburg SG Eintracht II"]
[BlackTeam "Wolgast Motor"]
[WhiteTeamCountry "GER"]
[BlackTeamCountry "GER"]

1. d4 e6 2. c4 f5 3. Nf3 Nf6 4. g3 g6 5. Bg2 Bg7 6. Nc3 0-0 7. Bg5 c6 8. Qb3 d6 9. 0-0 Nbd7 10. Rac1 Qb6 11. Qc2 e5 12. dxe5 dxe5 13. Be3 Qc7 14. Ng5 Re8 15. Qb3 Nf8 16. c5+ Be6 17. Nxe6 Nxe6 1/2-1/2

[Event "Mecklenburg VP LL2 Ost 1213"]
[Site "Mecklenburg VP"]
[Date "2012.10.14"]
[Round "1.7"]
[White "Rehbein, Hans Juergen"]
[Black "Dohnow, Thomas"]
[Result "1/2-1/2"]
[WhiteElo "1598"]
[BlackElo "1744"]
[PlyCount "50"]
[EventDate "2012.10.14"]
[EventType "team-tourn"]
[EventRounds "9"]
[EventCountry "GER"]
[SourceTitle "EXT 2022"]
[Source "ChessBase"]
[SourceDate "2021.10.06"]
[SourceVersion "1"]
[SourceVersionDate "2021.10.06"]
[SourceQuality "1"]
[WhiteTeam "Neubrandenburg SG Eintracht II"]
[BlackTeam "Waren ESV"]
[WhiteTeamCountry "GER"]
[BlackTeamCountry "GER"]

1. d4 d5 2. c4 e6 3. Nc3 c6 4. e3 Nf6 5. Nf3 a6 6. a3 Nbd7 7. Bd2 dxc4 8. Bxc4 b5 9. Bd3 c5 10. Be4 Nxe4 11. Nxe4 cxd4 12. exd4 Bb7 13. Nc3 Be7 14. 0-0 0-0 15. Be3 Bf6 16. Qe2 Rc8 17. Rac1 Qe7 18. Rfd1 Nb6 19. Nd2 Nd5 20. Nde4 Bh4 21. g3 Nxc3 22. Nxc3 Bg5 23. Qg4 Bf6 24. Ne4 Bxe4 25. Qxe4 Rfd8 1/2-1/2

[Event "MVP-ch Seniors op 11th"]
[Site "Binz"]
[Date "2011.12.05"]
[Round "6.45"]
[White "Oergel, Ullrich"]
[Black "Rehbein, Hans Juergen"]
[Result "1-0"]
[WhiteElo "1794"]
[BlackElo "1606"]
[PlyCount "69"]
[EventDate "2011.11.30"]
[EventType "swiss"]
[EventRounds "9"]
[EventCountry "GER"]
[SourceTitle "EXT 2013"]
[Source "ChessBase"]
[SourceDate "2012.11.22"]
[SourceVersion "1"]
[SourceVersionDate "2012.11.22"]
[SourceQuality "1"]

1. c4 Nf6 2. Nc3 g6 3. g3 Bg7 4. Bg2 e6 5. d4 0-0 6. e4 c6 7. Nge2 Qb6 8. b3 d6 9. 0-0 c5 10. dxc5 dxc5 11. Qc2 Nc6 12. Bb2 Nb4 13. Qb1 Rd8 14. Na4 Qc7 15. a3 Na6 16. Bc3 Bd7 17. Nb2 Rac8 18. Nd1 b6 19. Qb2 Ne8 20. Bxg7 Nxg7 21. Ne3 Bc6 22. Ng4 h5 23. Nf6+ Kf8 24. Nf4 Qe7 25. Nh3 e5 26. Nd5 Bxd5 27. exd5 Qd6 28. Ng5 f5 29. Rae1 Re8 30. Re2 Re7 31. Rfe1 Rce8 32. Qc3 Nb8 33. h3 Nd7 34. b4 Qf6 35. Nh7+ 1-0

[Event "MVP-ch Seniors op 11th"]
[Site "Binz"]
[Date "2011.12.04"]
[Round "5.64"]
[White "Rehbein, Hans Juergen"]
[Black "Klose, Hans Peter"]
[Result "1-0"]
[WhiteElo "1606"]
[BlackElo "1437"]
[PlyCount "59"]
[EventDate "2011.11.30"]
[EventType "swiss"]
[EventRounds "9"]
[EventCountry "GER"]
[SourceTitle "EXT 2013"]
[Source "ChessBase"]
[SourceDate "2012.11.22"]
[SourceVersion "1"]
[SourceVersionDate "2012.11.22"]
[SourceQuality "1"]

1. d4 Nf6 2. Nf3 g6 3. c4 Bg7 4. Nc3 0-0 5. e3 d6 6. Be2 Bd7 7. 0-0 a6 8. Qc2 Nc6 9. a3 Qc8 10. Bd2 Nd8 11. Rac1 Bg4 12. Ne1 Bxe2 13. Nxe2 Ne6 14. Ng3 h5 15. Nf3 Nh7 16. d5 Neg5 17. Nxg5 Nxg5 18. f4 Nh7 19. f5 h4 20. fxg6 Nf6 21. Nf5 Qe8 22. gxf7+ Rxf7 23. Nxh4 e6 24. dxe6 Qxe6 25. Qg6 Re8 26. Nf5 Kf8 27. Nxg7 Qe4 28. Rxf6 Rxf6 29. Qxf6+ Kg8 30. Nxe8 1-0

[Event "MVP-ch Seniors op 11th"]
[Site "Binz"]
[Date "2011.12.02"]
[Round "3.68"]
[White "Rehbein, Hans Juergen"]
[Black "Groener, Marga"]
[Result "1/2-1/2"]
[WhiteElo "1606"]
[BlackElo "1337"]
[PlyCount "37"]
[EventDate "2011.11.30"]
[EventType "swiss"]
[EventRounds "9"]
[EventCountry "GER"]
[SourceTitle "EXT 2013"]
[Source "ChessBase"]
[SourceDate "2012.11.22"]
[SourceVersion "1"]
[SourceVersionDate "2012.11.22"]
[SourceQuality "1"]

1. b4 d5 2. Bb2 e6 3. Nf3 Nf6 4. b5 Bd7 5. e3 c6 6. a4 a6 7. bxc6 Bxc6 8. c4 Nbd7 9. Nc3 dxc4 10. Bxc4 Be7 11. 0-0 0-0 12. d4 Nb6 13. Be2 Rc8 14. Qb3 Nbd5 15. Ne5 Nxc3 16. Bxc3 Bd5 17. Qb2 Ne4 18. Bb4 Bxb4 19. Qxb4 1/2-1/2